| 000 | 00805cam a2200217 4500 | ||
|---|---|---|---|
| 001 | WB3727-33 | ||
| 008 | 010711n2001 000 0 eng u | ||
| 035 | _a(Sirsi) u113611 | ||
| 245 | _aUN agency backs GM food crops | ||
| 260 | _c2001 | ||
| 490 |
_aGuardian _v11 July 2001, 12(2) |
||
| 520 | _aThe United Nations Development Programme has published a report in which it suggests many developing countries may reap benefits from genetically modified foodstuffs. Environmentalists, grassroots groups, and development charities have attacked the report as 'simplistic'. | ||
| 590 | _aWB | ||
| 650 | _aGENETICALLY MODIFIED CROPS | ||
| 650 | _aUNITED NATIONS | ||
| 650 | _aENVIRONMENTALISTS | ||
| 650 | _aDEVELOPING COUNTRIES | ||
| 650 | _aINTERNATIONAL | ||
| 690 |
_aRural _96268 |
||
| 942 | _n0 | ||
| 999 |
_c67697 _d67697 |
||